Born in Mississauga/Ontario - Statistics

General Stats
  • This quiz has been taken 12 times
    8 since last reset
  • The average score is 4 of 10
Answer Stats
Hint Answer % Correct
Singer, "Here" "Scars to Your Beautiful" "Stay" 1996 Alessia Cara
75%
Ice hockey centre and captain of the Toronto Maple Leafs 1990 John Tavares
75%
Tennis player and winner of the 2019 US Open 2000 Bianca Andreescu
63%
Fashion model and public spokesperson on the skin condition vitiligo 1994 Winnie Harlow
50%
Actor, known for his role as Marco Del Rossi in "Degrassi: The Next Generation" 1986 Adamo Ruggiero
38%
Shooting guard who plays for the Houston Rockets 1996 Dillon Brooks
38%
Actress, known for her roles as Emily Fields in "Pretty Little Liars" and Peach Salinger in "You" 1987 Shay Mitchell
38%
Actor, best known for his role as Earving/Black Noir in "The Boys" 1988 Nathan Mitchell
25%
Soccer player who plays for Aston Villa and the Canadian women's national team 1992 Adriana Leon
13%
Actress, known for her role as Devi Vishwakumar in "Never Have I Ever" 2001 Maitreyi Ramakrishnan
13%
No matching quizzes found
Score Distribution
Percent of People with Each Score
Percentile by Number Answered
Your Score History
You have not taken this quiz since the last reset